000 01763cam a2200277 ab4500
999 _c790
_d790
001 662651
003 INLPI
005 20191217114711.0
008 140917s2014 nyua c 000 f eng d
020 _a9780316380607
040 _aNLIP
_beng
_cNLPI
_dNLPI
_eaacr2
042 _anbic
082 _aFIC SNI
100 1 _aSnicket, Lemony.
_eauthor
245 1 0 _a"Shouldn't you be in school?" /
_cLemony Snicket ; art by Seth.
246 3 _aShould not you be in school.
260 _aNew York :
_bLittle, Brown and Co.,
_c2015.
300 _a325 pages :
_bcolor illustrations ;
_c19 cm.
490 1 _aAll the wrong questions ;
_v3.
520 _aThere was a town, and there was a librarian, and there was a fire. While I was in town I was hired to investigate this fire, and I thought the librarian could help me bring a villain to justice. I was almost thirteen and I was wrong. I was wrong about all of it. I should have asked the question, "Why would someone destroy one building when they really wanted to destroy another" Instead, I asked the wrong questions 'four wrong questions, more or less. This is the account of the third. Young apprentice Lemony Snicket is trying to smoke out an arsonist but soon finds himself enveloped in a thickening haze of mystery that has settled upon the town of Stain'd-by-the-Sea. Who is setting the fires' What secrets are hidden in the Department of Education' Why are so many schoolchildren in danger' Is it all the work of the notorious villain Hangfire' How could you even ask that' Maybe you should be in school.
650 0 _aApprentices
_vJuvenile fiction.
650 0 _aArson investigation
_vJuvenile fiction.
700 0 _aSeth,
_d1962-
_eillustrator.
830 0 _aAll the wrong questions ;
_v3.
942 _2ddc
_cFIC